| 000 | 00673pam a2200217 a 4500 | ||
|---|---|---|---|
| 020 | _a0262240378 | ||
| 040 | _cDLC | ||
| 082 | 0 | 0 | _a338 MIT 1994 A021 Or. |
| 100 | 1 | _aYoshikawa, Hideo. | |
| 245 | 1 | 0 |
_aScience has no national borders : _bHarry C. Kelly and the reconstruction of science and technology in postwar Japan / |
| 260 |
_aCambridge, Mass. : _bMIT Press, _cc1994. |
||
| 300 |
_axvii, 137 p., [9] p. of plates : _bill. ; _c22 cm. |
||
| 650 | 0 | _aScience | |
| 650 | 0 | _aTechnology | |
| 650 | 0 | _aScience and state | |
| 650 | 0 | _aTechnology and state | |
| 650 | 0 | _aReconstruction (1939-1951) | |
| 650 | 0 | _aPhysicists | |
| 700 | 1 | _aKauffman, Joanne. | |
| 942 | _cRE | ||
| 999 |
_c12726 _d12726 |
||